El Efecto - Rauw Alejandro, Chencho Corleone - Estadísticas

Estadísticas generales
  • Esta prueba ha sido intentada 40 veces
  • La puntuación promedio es 317 de 425
Estadísticas de respuestas
Letra % Correcto
a
100%
A
100%
así
100%
bailas
100%
cama
100%
en
100%
Me
100%
me
100%
Que
100%
que
100%
Qué
100%
si
100%
Si
100%
100%
tu
100%
100%
Baby
92%
Como
92%
como
92%
de
92%
De
92%
es
92%
Es
92%
mi
92%
92%
Mi
92%
pa
92%
Pa
92%
se
92%
te
92%
Te
92%
ti
92%
estuviéramos
83%
La
83%
la
83%
nada
83%
no
83%
No
83%
o
83%
Porque
83%
puse
83%
sentir
83%
sin
83%
y
83%
Y
83%
acaba
75%
correcto
75%
cuando
75%
efecto
75%
el
75%
hoy
75%
lo
75%
mami
75%
nos
75%
Olvida
75%
olvida
75%
tiempo
75%
tienes
75%
Vamo
75%
ve
75%
ver
75%
yo
75%
Yo
75%
decidir
67%
dejas
67%
Dime
67%
freaky
67%
mañana
67%
Moviéndote
67%
olvidarno
67%
puso
67%
rica
67%
sabe
67%
Vamos
67%
vamos
67%
vi
67%
vienes
67%
Con
58%
Después
58%
esto
58%
hago
58%
ir
58%
luego
58%
luz
58%
mal
58%
momento
58%
nota
58%
para
58%
pasaría
58%
portar
58%
poses
58%
Quién
58%
quiero
58%
saber
58%
sabía
58%
To
58%
vívetelo
58%
vuelvo
58%
ya
58%
Ya
58%
al
50%
aquí
50%
Calderón
50%
conoces
50%
contigo
50%
día
50%
encuentro
50%
entre
50%
espalda
50%
está
50%
esta
50%
este
50%
fluir
50%
g
50%
Hay
50%
hizo
50%
olvidarnos
50%
otro
50%
pensando
50%
permites
50%
poca
50%
provoca
50%
supieras
50%
terminarías
50%
twerking
50%
Amanecía
42%
bailaste
42%
casi
42%
Desnuita
42%
Erótico
42%
Experimentar
42%
fácil
42%
Fue
42%
goces
42%
hora
42%
llamas
42%
mente
42%
noche
42%
queda
42%
quieres
42%
tampoco
42%
todavía
42%
varias
42%
Veras
42%
ves
42%
cualquier
33%
éxtasis
33%
fresqui
33%
hacemos
33%
llevo
33%
mirando
33%
string
33%
verte
33%
cierren
25%
estamos
25%
ganas
25%
Nadie
25%
sorry
25%
hacer
17%
Im
17%
Esnu
8%
horney
8%
ita
8%
No se encontraron pruebas coincidentes
Distribución de puntuación
Porcentaje de gente con cada puntuación
Porcentaje por número respondido
Historial de tus puntuaciones
No has intentado esta prueba.